000 00793cab a2200241 4500
001 ABS51981
008 090401t1994 xxu||||| |||| 00| 0 eng d
035 _a(Sirsi) u53697
041 _aeng
100 _aMoor, N.
245 _aPlanning: sustaining the arguments
260 _c1994
350 _a0
490 _aBuilding
_v259(7872) 9 December 1994, 29(1)
520 _aExamines the implications of the concept of sustainable development for planning and highlights the suggestions made in the Draft Regional Planning Guidance for the West Midlands.
650 _aDRAFT REGIONAL PLANNING GUIDANCE
650 _aSustainability
_96271
650 _aSUSTAINABLE DEVELOPMENT
650 _aWEST MIDLANDS
690 _aPLANNING LAW AND PRACTICE
942 _n0
948 _c04/03/1997
999 _c33042
_d33042